000 00295 a2200121 4500
001 76691
082 _a297.55 FAT
090 _c39209
_d39209
100 _aNastagheen Fatima
245 _aAya Hai Bulawa (urdu)
_cNastagheen Fatima
_hUrdu
260 _aLahore
_bNigarshat
_c2006
300 _a146 p
942 _acaenust
_k297.55 FAT
999 _c311764
_d311764